000 00381cam a2200157ua 4500
041 _aeng
_h
082 _a823.308
_bDUM/IN
100 _aDumas, Alexander.
245 _aIn the service of the queen /
_cAlexander Dumas.
_hTextual Documents
250 _a1 /
_b.
260 _aLondon :
_bLongman ,
_c1960.
300 _a113 ; .
504 _a
942 _cBK
999 _c7883
_d7883